[Event "Xtracon Chess Open 2019"]
[Site "Helsingor DEN"]
[Date "2019.07.20"]
[Round "1.108"]
[White "Jensen, Torben W."]
[Black "Le Besq, Alexander"]
[Result "1-0"]
[WhiteElo "1693"]
[BlackElo "2149"]
[WhiteFideId "1515942"]
[BlackFideId "1437089"]
[EventDate "2019.07.20"]

1. d4 Nf6 2. c4 e6 3. Nc3 d5 4. Nf3 Be7 5. cxd5 exd5 6. e3 O-O 7. Be2 b6 8. O-O
Bb7 9. Ne5 Nbd7 10. Bf3 Ne4 11. Nxd7 Qxd7 12. g3 Rfd8 13. Nxe4 dxe4 14. Be2 c5
15. dxc5 Qe6 16. Qc2 Rac8 17. Bd2 Rxc5 18. Bc3 Rdc8 19. Rad1 Bf6 20. Qd2 Rd5 21.
Qc2 Bxc3 22. bxc3 Rdc5 23. Rd4 h6 24. c4 f5 25. Rfd1 Ba6 26. Rd6 Qe5 27. Rd8+
Rxd8 28. Rxd8+ Kh7 29. Rd4 Ra5 30. Qd2 Bb7 31. Kg2 Bc6 32. h4 Qc5 33. Rd6 Ba8
34. Bh5 g6 35. Bxg6+ Kg7 36. h5 Qe5 37. Rd7+ Kf6 38. Rf7+ Kg5 39. Rxf5+ Qxf5 40.
Bxf5 Kxf5 41. Qd7+ Kg5 42. Qd8+ Kxh5 43. Qxa8 Rxa2 44. Qxe4 Ra5 45. Kh3 Kg5 46.
f4+ Kf6 47. g4 Rc5 48. Qh7 Rxc4 49. Qxh6+ Kf7 50. Qh7+ Kf8 51. Qxa7 Rc2 52. Qxb6
Kg7 53. Qd4+ Kf8 54. Qf6+ 1-0

[Event "Xtracon Chess Open 2019"]
[Site "Helsingor DEN"]
[Date "2019.07.20"]
[Round "1.109"]
[White "Crevatin, Leo"]
[Black "Haugaard, Thomas"]
[Result "1-0"]
[WhiteTitle "CM"]
[WhiteElo "2146"]
[BlackElo "1690"]
[WhiteFideId "1726307"]
[BlackFideId "1414330"]
[EventDate "2019.07.20"]

1. Nf3 Nf6 2. c4 c5 3. b3 g6 4. Bb2 Bg7 5. e3 O-O 6. Be2 Nc6 7. O-O d6 8. d4
cxd4 9. exd4 d5 10. Nc3 Ne4 11. Nxd5 Bg4 12. Ne3 Bxf3 13. Bxf3 Ng5 14. Bxc6 bxc6
15. Qd2 Ne4 16. Qc2 Nf6 17. Rfd1 Qc7 18. Rac1 Rac8 19. d5 Rfd8 20. dxc6 Qxc6 21.
Rxd8+ Rxd8 22. Rd1 Rd7 23. Bxf6 Bxf6 24. Rxd7 Qxd7 25. c5 Qc6 26. b4 Bd4 27. Qc4
e5 28. h3 Kf8 29. Qd5 Qxd5 30. Nxd5 Ke8 31. c6 Kd8 32. a4 f5 33. b5 Bb6 34. Kf1 1-0

[Event "Xtracon Chess Open 2019"]
[Site "Helsingor DEN"]
[Date "2019.07.20"]
[Round "1.110"]
[White "Kustagi, Zeeshan"]
[Black "Holm, Ragnar"]
[Result "0-1"]
[WhiteElo "1690"]
[BlackElo "2142"]
[WhiteFideId "1468839"]
[BlackFideId "1505858"]
[EventDate "2019.07.20"]

1. e4 c5 2. Nf3 g6 3. c3 d5 4. e5 Bg7 5. d4 cxd4 6. cxd4 Nh6 7. Bxh6 Bxh6 8.
Nbd2 O-O 9. Bd3 Nc6 10. O-O Qb6 11. Nb3 a5 12. Rb1 Nb4 13. Nc1 Bg4 14. Be2 Rfc8
15. Nd3 Nxd3 16. Qxd3 Bf5 17. Qa3 Bxb1 18. Rxb1 Qb4 19. Qd3 Rc6 20. a3 Qb6 21.
Bd1 Rac8 22. Nd2 Bxd2 23. Qxd2 Qc7 24. Kf1 Rc1 25. Rxc1 Qxc1 26. Qxc1 Rxc1 27.
Ke2 Rb1 28. b3 Rb2+ 29. Ke3 Kf8 30. g3 g5 31. a4 Ke8 32. h3 h6 33. f4 gxf4+ 34.
gxf4 h5 35. f5 h4 36. Kd3 Rg2 37. Bg4 Rxg4 38. hxg4 h3 0-1

[Event "Xtracon Chess Open 2019"]
[Site "Helsingor DEN"]
[Date "2019.07.20"]
[Round "1.111"]
[White "Nielsen, Peter"]
[Black "Laustsen, Lars"]
[Result "0-1"]
[WhiteElo "1686"]
[BlackElo "2137"]
[WhiteFideId "1707485"]
[BlackFideId "1407554"]
[EventDate "2019.07.20"]

1. e4 c5 2. Nc3 Nc6 3. Bb5 Nd4 4. Bc4 e6 5. Nf3 a6 6. a4 Ne7 7. Nxd4 cxd4 8. Ne2
Nc6 9. c3 Ne5 10. d3 dxc3 11. Nxc3 Qc7 12. Bb3 Bb4 13. Qd2 O-O 14. O-O d6 15.
Qc2 Bd7 16. Be3 Rfc8 17. Rac1 Qa5 18. f4 Ng4 19. Qe2 Nxe3 20. Qxe3 Bxc3 21. bxc3
Rxc3 22. Rxc3 Qxc3 23. Qb6 Bc6 24. f5 Qxd3 25. fxe6 fxe6 26. Bxe6+ Kh8 27. Qf2
h6 28. e5 dxe5 29. Qf8+ Rxf8 30. Rxf8+ Kh7 31. Bf5+ Qxf5 32. Rxf5 Bxa4 33. Rxe5
Kg6 34. Re7 Bc6 35. Kf2 Kf6 36. Re3 a5 37. g3 a4 38. Rc3 Bd5 39. Ke3 Ke5 40. Kd3
b5 41. Rc5 b4 42. Ra5 a3 43. Kc2 Kd4 44. Ra7 b3+ 0-1

[Event "Xtracon Chess Open 2019"]
[Site "Helsingor DEN"]
[Date "2019.07.20"]
[Round "1.112"]
[White "Mardell, Jimmy"]
[Black "Gottschalck, Christian"]
[Result "1-0"]
[WhiteElo "2134"]
[BlackElo "1684"]
[WhiteFideId "1705610"]
[BlackFideId "1428357"]
[EventDate "2019.07.20"]

1. e4 d5 2. exd5 Nf6 3. d4 Nxd5 4. Nf3 Bg4 5. h3 Bh5 6. c4 Nb6 7. Be2 e6 8. O-O
Be7 9. b3 O-O 10. Bb2 c6 11. Nbd2 N8d7 12. Ne4 h6 13. Qd2 Nf6 14. Nxf6+ Bxf6 15.
Rad1 Qc7 16. d5 Bxb2 17. d6 Qd7 18. Qxb2 Bxf3 19. Bxf3 c5 20. Rfe1 Rfd8 21. Rd3
a6 22. Qe5 Rac8 23. h4 Na8 24. h5 b5 25. Bxa8 bxc4 26. Rg3 1-0

[Event "Xtracon Chess Open 2019"]
[Site "Helsingor DEN"]
[Date "2019.07.20"]
[Round "1.113"]
[White "Henriksen, Morgan"]
[Black "Madsen, Michael B."]
[Result "0-1"]
[WhiteElo "1683"]
[BlackElo "2133"]
[WhiteFideId "1510495"]
[BlackFideId "1413031"]
[EventDate "2019.07.20"]

1. d4 Nf6 2. c4 e6 3. Nc3 Bb4 4. e3 c5 5. Bd3 Nc6 6. Ne2 Bxc3+ 7. bxc3 d6 8. O-O
e5 9. f3 b6 10. dxc5 dxc5 11. Ng3 O-O 12. Qe2 Re8 13. Ne4 Nxe4 14. Bxe4 Qc7 15.
f4 Bb7 16. f5 Na5 17. Bd5 e4 18. f6 g6 19. Rf4 Bxd5 20. cxd5 Qe5 21. Ba3 Rad8
22. Raf1 Rxd5 23. c4 Rd3 24. Bb2 Qd6 25. Qf2 Rd2 26. Qh4 Rxb2 27. Qh6 Qf8 28.
Qh3 Rd8 29. R1f2 Rd1+ 30. Rf1 Rdd2 31. Rh4 Rxa2 32. Rxh7 Rxg2+ 33. Kh1 Rxh2+ 34.
Qxh2 Rxh2+ 35. Rxh2 Qd6 36. Rh3 Nxc4 37. Kg2 Nxe3+ 0-1

[Event "Xtracon Chess Open 2019"]
[Site "Helsingor DEN"]
[Date "2019.07.20"]
[Round "1.114"]
[White "Bremer, Erik"]
[Black "Mansoor, Afras"]
[Result "0-1"]
[WhiteElo "1444"]
[BlackElo "1991"]
[WhiteFideId "1411578"]
[BlackFideId "1522108"]
[EventDate "2019.07.20"]

1. e4 e5 2. Nf3 Nc6 3. Bc4 Nf6 4. d3 Bc5 5. c3 d6 6. Nbd2 O-O 7. O-O Be6 8. a4
a5 9. Bb3 Bxb3 10. Nxb3 Bb6 11. Bg5 h6 12. Bh4 g5 13. Bg3 Qe7 14. h3 Nh5 15. Bh2
Nf4 16. Nc1 Qf6 17. Ne2 Nxh3+ 18. gxh3 Qxf3 19. Ng3 Qf6 20. Kg2 Ne7 21. Nh5 Qg6
22. b4 axb4 23. cxb4 f5 24. Ng3 f4 25. Nh1 f3+ 26. Kg1 Qe6 0-1

[Event "Xtracon Chess Open 2019"]
[Site "Helsingor DEN"]
[Date "2019.07.20"]
[Round "1.115"]
[White "Guindy, Esmat Susanne"]
[Black "Hojgaard, Brandur"]
[Result "1-0"]
[WhiteTitle "WFM"]
[WhiteElo "2132"]
[BlackElo "1683"]
[WhiteFideId "1401637"]
[BlackFideId "7201478"]
[EventDate "2019.07.20"]

1. d4 Nf6 2. c4 e6 3. Nf3 c5 4. Nc3 cxd4 5. Nxd4 Nc6 6. g3 Bb4 7. Bg2 Qa5 8.
Nxc6 Bxc3+ 9. bxc3 dxc6 10. Qb3 O-O 11. O-O Qc7 12. c5 e5 13. Rb1 Rb8 14. Qa4 a6
15. Bg5 Nd5 16. Rfc1 f6 17. Bd2 Be6 18. Rb2 Rbe8 19. c4 Ne7 20. Ba5 Qb8 21. Rcb1
Bc8 22. Bxc6 Nxc6 23. Qxc6 bxc6 24. Rxb8 Be6 25. R8b4 Kf7 26. Bc7 Bd7 27. Rb7
Ke6 28. Rd1 Rf7 29. Bb6 Ree7 30. Bd8 1-0

[Event "Xtracon Chess Open 2019"]
[Site "Helsingor DEN"]
[Date "2019.07.20"]
[Round "1.116"]
[White "Werner, Jakob"]
[Black "Lilja, Richard"]
[Result "0-1"]
[WhiteElo "1681"]
[BlackElo "2126"]
[WhiteFideId "1426850"]
[BlackFideId "1403109"]
[EventDate "2019.07.20"]

1. d4 g6 2. e4 Bg7 3. c4 d6 4. Nc3 Nf6 5. f3 O-O 6. Be3 c5 7. Nge2 Nc6 8. dxc5
dxc5 9. Qxd8 Rxd8 10. Bxc5 b6 11. Ba3 Nd7 12. O-O-O Ba6 13. b3 Nc5 14. Bxc5 bxc5
15. Nd5 Rac8 16. f4 e6 17. Ne3 Nb4 18. Kb1 Bb7 19. Ng3 Bh6 20. Be2 Bxf4 21. Ng4
Bxg3 22. hxg3 Rxd1+ 23. Rxd1 Bxe4+ 24. Kb2 Bxg2 25. Rd7 Bc6 26. Rd6 Be8 27. Bf3
Kg7 28. Ne5 Kf6 29. Ng4+ Ke7 30. Rd2 h5 31. Nf2 Bc6 32. Bxc6 Nxc6 33. Ne4 Ne5
34. Kc3 Rc7 35. a3 Ng4 36. Re2 Nf6 37. Ng5 a5 38. Nf3 Ng4 39. Nd2 Nf6 40. Nf3
Nd7 41. Nd2 f5 42. b4 cxb4+ 43. axb4 axb4+ 44. Kxb4 Rb7+ 45. Kc3 Nc5 46. Re1 Rd7
47. Re3 Kf6 48. Nf3 Ne4+ 49. Rxe4 fxe4 50. Nd4 e5 51. Ne2 g5 52. Kb4 e3 53. Nc3
h4 54. gxh4 gxh4 55. c5 h3 56. Ne4+ Kf5 57. c6 Rc7 58. Nd6+ Kf4 59. Kc5 h2 60.
Kb6 Rxc6+ 0-1

[Event "Xtracon Chess Open 2019"]
[Site "Helsingor DEN"]
[Date "2019.07.20"]
[Round "1.117"]
[White "Rishovd, Svein"]
[Black "Larsen, Hans Haagen"]
[Result "1-0"]
[WhiteTitle "CM"]
[WhiteElo "2124"]
[BlackElo "1680"]
[WhiteFideId "1513060"]
[BlackFideId "1409557"]
[EventDate "2019.07.20"]

1. d4 d6 2. e4 g6 3. Nc3 Bg7 4. f4 Nf6 5. Nf3 O-O 6. e5 Nfd7 7. Bc4 Nb6 8. Bb3
d5 9. a4 e6 10. a5 N6d7 11. Be3 f6 12. O-O Na6 13. Nb5 b6 14. c4 c6 15. cxd5
exd5 16. Qd2 bxa5 17. Nd6 Nb4 18. Rfc1 Qb6 19. e6 Ba6 20. exd7 Rfd8 21. Nc8 Qc7
22. Ne7+ Kh8 23. Nxd5 Qb7 24. Nxb4 axb4 25. Ba4 Bb5 26. Qxb4 a5 27. Qb3 Rxd7 28.
Bxb5 Qxb5 29. Qxb5 cxb5 30. Rc5 Rb7 31. Rac1 h6 32. Rc8+ Rxc8 33. Rxc8+ Kh7 34.
Nd2 a4 35. Kf2 f5 36. Ke2 g5 37. Kd3 Kg6 38. Nf3 b4 39. fxg5 a3 40. gxh6 a2 41.
hxg7 Kxg7 42. Ra8 b3 43. Nd2 Kg6 44. Ra6+ Kh5 45. Rh6+ Kg4 46. Rg6+ Kh5 47. Rg5+
Kh4 48. Nf3# 1-0

[Event "Xtracon Chess Open 2019"]
[Site "Helsingor DEN"]
[Date "2019.07.20"]
[Round "1.118"]
[White "Harders, Poul Erik"]
[Black "Huse, Sigurd Kjelsbol"]
[Result "0-1"]
[WhiteElo "1676"]
[BlackElo "2122"]
[WhiteFideId "1416251"]
[BlackFideId "1520717"]
[EventDate "2019.07.20"]

1. d4 d5 2. c4 c6 3. Nc3 Nf6 4. cxd5 cxd5 5. Bf4 a6 6. Nf3 Nc6 7. e3 Qb6 8. Qc2
g6 9. a3 Bf5 10. Qd2 Na5 11. Na4 Qd8 12. Qd1 Ne4 13. Nc3 Nxc3 14. bxc3 Rc8 15.
Rc1 e6 16. Ne5 g5 17. Bg3 Nc6 18. Qa4 Qa5 19. Qxa5 Nxa5 20. Be2 Bxa3 21. Ra1 Bb2
22. O-O Bxa1 23. Rxa1 Nb3 24. Ra3 Rxc3 25. h3 Nxd4 26. Bh5 Ne2+ 27. Bxe2 Rxa3
28. Bh5 Bg6 29. Bf3 O-O 30. Nd7 Ra1+ 31. Kh2 f6 32. Bd6 Rf7 33. Nc5 Bf5 34. Bh5
b5 35. g4 Bg6 36. Bxg6 hxg6 37. Nxe6 a5 38. h4 gxh4 39. Nc7 Rxc7 0-1

[Event "Xtracon Chess Open 2019"]
[Site "Helsingor DEN"]
[Date "2019.07.20"]
[Round "1.119"]
[White "Sigeman, Johan"]
[Black "Olsen, Karsten Kierkegaard"]
[Result "1/2-1/2"]
[WhiteElo "2120"]
[BlackElo "1670"]
[WhiteFideId "1705601"]
[BlackFideId "1416944"]
[EventDate "2019.07.20"]

1. c4 e6 2. Nc3 d5 3. e3 Nf6 4. Nf3 c6 5. d4 Bd6 6. Qc2 Nbd7 7. Bd3 e5 8. cxd5
cxd5 9. dxe5 Nxe5 10. Bb5+ Nc6 11. Nd4 Bd7 12. Nf5 Bf8 13. O-O g6 14. Ng3 Bg7
15. Rd1 a6 16. Be2 O-O 17. Qd2 Qe7 18. b3 Rac8 19. Bb2 Rfd8 20. Rac1 Be6 21. Qe1
Ne4 22. Ba1 Nxg3 1/2-1/2

[Event "Xtracon Chess Open 2019"]
[Site "Helsingor DEN"]
[Date "2019.07.20"]
[Round "1.120"]
[White "Pihl, William"]
[Black "Ivarsson, Torbjorn"]
[Result "0-1"]
[WhiteElo "1669"]
[BlackElo "2119"]
[WhiteFideId "1467310"]
[BlackFideId "1705865"]
[EventDate "2019.07.20"]

1. e4 e6 2. Nf3 d5 3. exd5 exd5 4. d4 Bd6 5. c4 c6 6. c5 Bc7 7. Nc3 Bf5 8. Bd3
Ne7 9. O-O O-O 10. Re1 Bxd3 11. Qxd3 Nd7 12. b4 Ng6 13. Ng5 Nf6 14. a4 Qd7 15.
b5 Rae8 16. Bd2 Qg4 17. h3 Nf4 18. Bxf4 Qxf4 19. Nf3 Ne4 20. Ne2 Qh6 21. bxc6
bxc6 22. a5 Re6 23. Nc3 Rfe8 24. Qe3 Bf4 25. Qd3 g5 26. Ne5 Bxe5 27. dxe5 Rxe5
28. Nxe4 Rxe4 29. Rxe4 Rxe4 30. Qa6 Qf6 31. Rb1 Re7 32. Qc8+ Kg7 33. Qg4 Re4 34.
Qd7 Re2 35. Rf1 Re7 36. Qg4 Re4 37. Qd7 d4 38. Qxa7 d3 39. Qa6 Qd4 40. Qb6 d2
41. Qb1 Re5 42. a6 Rxc5 43. a7 Ra5 44. Rd1 Rxa7 45. Qf5 h6 46. Kh2 Re7 47. Qc2
Qf4+ 48. Kg1 Re1+ 0-1

[Event "Xtracon Chess Open 2019"]
[Site "Helsingor DEN"]
[Date "2019.07.20"]
[Round "1.121"]
[White "Rolvag, Mikael"]
[Black "Petersen, Jan"]
[Result "1-0"]
[WhiteElo "2119"]
[BlackElo "1660"]
[WhiteFideId "1500481"]
[BlackFideId "1426320"]
[EventDate "2019.07.20"]

1. e4 c5 2. Nf3 d6 3. d4 cxd4 4. Nxd4 Nf6 5. Nc3 a6 6. a4 e6 7. Be2 Be7 8. O-O
O-O 9. Kh1 e5 10. Nb3 Be6 11. f4 Bxb3 12. cxb3 Qb6 13. Bc4 Nc6 14. Nd5 Nxd5 15.
Bxd5 Rac8 16. f5 Nb4 17. Bc4 Qd8 18. Rf3 Qd7 19. Rh3 g6 20. Qd2 1-0

[Event "Xtracon Chess Open 2019"]
[Site "Helsingor DEN"]
[Date "2019.07.20"]
[Round "1.122"]
[White "Gaure, Sigurd Lauvas"]
[Black "Karlsson, Jorgen"]
[Result "0-1"]
[WhiteElo "1657"]
[BlackElo "2114"]
[WhiteFideId "1524933"]
[BlackFideId "1711679"]
[EventDate "2019.07.20"]

1. e4 g6 2. d4 Bg7 3. Nf3 d6 4. h3 Nd7 5. Nc3 a6 6. Be3 e6 7. Bc4 b5 8. Bb3 h6
9. Qd2 Bb7 10. d5 e5 11. O-O-O Ngf6 12. a3 Nb6 13. Rhf1 Nfd7 14. Nh2 Nc5 15. Ba2
Nba4 16. Bxc5 Nxc5 17. f4 exf4 18. Qxf4 Qe7 19. Ng4 Nd7 20. Kb1 h5 21. Ne3 Ne5
22. g4 Bc8 23. gxh5 Rxh5 24. Ng4 Rxh3 25. Nxe5 Bxe5 26. Qf2 Bg4 27. Rh1 Qf6 0-1

[Event "Xtracon Chess Open 2019"]
[Site "Helsingor DEN"]
[Date "2019.07.20"]
[Round "1.123"]
[White "Thuesen, Mogens"]
[Black "Warston, Hakan"]
[Result "1-0"]
[WhiteElo "2111"]
[BlackElo "1656"]
[WhiteFideId "1400878"]
[BlackFideId "1717367"]
[EventDate "2019.07.20"]

1. c4 Nf6 2. Nc3 e6 3. e4 d5 4. e5 d4 5. exf6 dxc3 6. bxc3 Qxf6 7. d4 e5 8. Nf3
exd4 9. Bg5 Qe6+ 10. Be2 Nc6 11. O-O Be7 12. cxd4 Qd6 13. d5 Bxg5 14. Nxg5 Ne5
15. f4 Ng6 16. f5 Nf4 17. Qd2 Nxe2+ 18. Qxe2+ Kf8 19. f6 g6 20. Rae1 Bd7 21.
Qe7+ Qxe7 22. Rxe7 Be8 23. Rxc7 h6 24. Nf3 b5 25. c5 a5 26. d6 Rd8 27. Ne5 1-0

[Event "Xtracon Chess Open 2019"]
[Site "Helsingor DEN"]
[Date "2019.07.20"]
[Round "1.124"]
[White "Madsen, Svend"]
[Black "Klings, Peter"]
[Result "1/2-1/2"]
[WhiteElo "1655"]
[BlackElo "2105"]
[WhiteFideId "1419846"]
[BlackFideId "4631234"]
[EventDate "2019.07.20"]

1. e4 c5 2. c3 g6 3. Bc4 Bg7 4. Nf3 d6 5. d4 cxd4 6. Nxd4 Nf6 7. f3 O-O 8. O-O
d5 9. exd5 Nxd5 10. Re1 e5 11. Ne2 Be6 12. Kh1 Nc6 13. Na3 Rc8 14. Bxd5 Bxd5 15.
Be3 Qa5 16. Nc2 Rfd8 17. Qc1 Qa4 18. b3 Qh4 19. Bg5 Qf2 20. Be3 1/2-1/2

[Event "Xtracon Chess Open 2019"]
[Site "Helsingor DEN"]
[Date "2019.07.20"]
[Round "1.125"]
[White "Thybo, Thomas Sondergaard"]
[Black "Nielsen, Leo Kresten Roland"]
[Result "1/2-1/2"]
[WhiteElo "2104"]
[BlackElo "1653"]
[WhiteFideId "1441299"]
[BlackFideId "1426095"]
[EventDate "2019.07.20"]

1. e4 c5 2. Nf3 e6 3. d4 d5 4. exd5 exd5 5. Nc3 Be6 6. Bb5+ Nc6 7. O-O a6 8.
Bxc6+ bxc6 9. Re1 Nf6 10. Bg5 h6 11. Bh4 Be7 12. Ne5 Rc8 13. Na4 cxd4 14. Qxd4
c5 15. Qe3 d4 16. Qe2 O-O 17. Nxf7 Bxf7 18. Qxe7 Qxe7 19. Rxe7 Nd5 20. Ra7 Rc6
21. b3 Re8 22. Kf1 Bg6 23. Rd7 Nb4 24. c3 Nxa2 25. cxd4 Bd3+ 26. Kg1 cxd4 27.
Rxd4 Rc1+ 28. Rxc1 Nxc1 29. Rd8 Rxd8 30. Bxd8 Nxb3 31. f3 Bb5 32. Nc3 Bc6 33.
Kf2 a5 34. Ke3 Kf7 35. Nb1 a4 36. h4 Ke6 37. Na3 Kd5 38. Be7 g6 39. h5 gxh5 40.
Bf8 Na5 41. Bxh6 Nc4+ 42. Nxc4 Kxc4 43. Bg7 Kd5 44. Kf4 Ke6 45. Bb2 Be8 46. Kg5
Kd5 47. g3 Ke6 48. f4 Kd5 49. Kf5 Bd7+ 50. Kg6 Be8+ 51. Kg5 Ke4 52. g4 1/2-1/2

[Event "Xtracon Chess Open 2019"]
[Site "Helsingor DEN"]
[Date "2019.07.20"]
[Round "1.126"]
[White "Hina, Ariza"]
[Black "Molvig, Henrik"]
[Result "1/2-1/2"]
[BlackTitle "CM"]
[WhiteElo "1651"]
[BlackElo "2099"]
[WhiteFideId "1525441"]
[BlackFideId "1402625"]
[EventDate "2019.07.20"]

1. e4 c5 2. Nc3 d6 3. f4 g6 4. Nf3 Bg7 5. Bb5+ Nc6 6. Bxc6+ bxc6 7. d3 Nf6 8.
O-O O-O 9. Qe1 Ne8 10. f5 gxf5 11. Qg3 e5 12. exf5 f6 13. Bh6 Rb8 14. b3 Rb7 15.
Ne4 Kh8 16. Bxg7+ Rxg7 17. Qh3 Nc7 18. Nh4 Nd5 19. Kh1 Qe7 20. Qf3 Nf4 21. g3
Nh3 22. Qh5 Kg8 23. Nf3 d5 24. Qxh3 dxe4 25. dxe4 c4 26. Qg2 Ba6 27. Rfd1 Qb4
28. Qd2 c3 29. Qe3 Rg4 30. Re1 c5 31. a3 Qb7 32. Kg2 Rd8 33. Red1 Rxd1 34. Rxd1
Rxe4 35. Qxc5 Re2+ 36. Kg1 Qb6 37. Qxb6 1/2-1/2

[Event "Xtracon Chess Open 2019"]
[Site "Helsingor DEN"]
[Date "2019.07.20"]
[Round "1.127"]
[White "Poulsen, Klaus E."]
[Black "Olsen, Kim Alex"]
[Result "1-0"]
[WhiteElo "2095"]
[BlackElo "1651"]
[WhiteFideId "1405039"]
[BlackFideId "1406663"]
[EventDate "2019.07.20"]

1. e4 d6 2. d4 Nf6 3. Nc3 g6 4. Be2 Bg7 5. g4 h5 6. g5 Nfd7 7. Nf3 c5 8. Be3 Nc6
9. d5 Nce5 10. Nxe5 Bxe5 11. f4 Bg7 12. O-O Qb6 13. Qd2 a6 14. Rab1 Qa5 15. a3
b5 16. e5 dxe5 17. d6 e6 18. Nd5 Qxd2 19. Nc7+ Kf8 20. Bxd2 Rb8 21. Be3 Kg8 22.
b4 exf4 23. Bxf4 Bd4+ 24. Kg2 Rb6 25. c4 e5 26. Bg3 bxc4 27. Bxc4 Rh7 28. Ne8 h4
29. Bf2 Bb7+ 30. Kh3 Be4 31. Bxd4 Bxb1 32. bxc5 exd4 33. cxb6 Bf5+ 34. Rxf5 gxf5
35. Nf6+ Nxf6 36. gxf6 Rh8 37. Bxa6 Kh7 38. d7 Kg6 39. Kg2 Kxf6 40. Bc8 h3+ 41.
Kf3 d3 42. b7 d2 43. Ke2 Rg8 44. b8=Q Rg2+ 45. Kd1 1-0

[Event "Xtracon Chess Open 2019"]
[Site "Helsingor DEN"]
[Date "2019.07.20"]
[Round "1.128"]
[White "Yilmaz, Kazim"]
[Black "Dew, Brian"]
[Result "0-1"]
[BlackTitle "FM"]
[WhiteElo "1647"]
[BlackElo "2094"]
[WhiteFideId "1514326"]
[BlackFideId "6000495"]
[EventDate "2019.07.20"]

1. e4 c5 2. Nf3 d6 3. d4 cxd4 4. Nxd4 Nf6 5. Nc3 a6 6. Bg5 Nbd7 7. Be2 e6 8. O-O
Qc7 9. Nb3 b5 10. a3 Bb7 11. Bd3 Be7 12. f4 O-O 13. f5 e5 14. Bxf6 Bxf6 15. Qf3
Rfe8 16. g4 Rac8 17. Qg3 Bg5 18. h4 Bf4 19. Qg2 Nf6 20. g5 Nh5 21. g6 Qb6+ 22.
Rf2 fxg6 23. fxg6 Bg3 24. gxh7+ Kh8 25. Qf3 Rf8 26. Qxh5 Qxf2+ 27. Kh1 Qh2# 0-1

[Event "Xtracon Chess Open 2019"]
[Site "Helsingor DEN"]
[Date "2019.07.20"]
[Round "1.129"]
[White "Tolhuizen, Ludo"]
[Black "Mielow, Bjarne"]
[Result "1-0"]
[WhiteElo "2090"]
[BlackElo "1638"]
[WhiteFideId "1000802"]
[BlackFideId "1415484"]
[EventDate "2019.07.20"]

1. d4 Nf6 2. Nf3 d6 3. Nc3 g6 4. e4 Bg7 5. Be3 c6 6. Qd2 h6 7. h3 Qa5 8. a4 Nbd7
9. Be2 a6 10. O-O Qc7 11. Rfd1 c5 12. e5 dxe5 13. dxe5 Nxe5 14. Nxe5 O-O 15. Bf4
Nh5 16. Bxh5 Bxe5 17. Bxe5 Qxe5 18. Bf3 Rb8 19. Qxh6 Be6 20. Re1 Qf6 21. Ne4
Qxb2 22. c3 b6 23. Ng5 1-0

[Event "Xtracon Chess Open 2019"]
[Site "Helsingor DEN"]
[Date "2019.07.20"]
[Round "1.130"]
[White "Larsen, Mette Dalsgaard"]
[Black "Machlik, Monika"]
[Result "0-1"]
[WhiteElo "1637"]
[BlackElo "2083"]
[WhiteFideId "1430718"]
[BlackFideId "1513621"]
[EventDate "2019.07.20"]

1. d4 Nf6 2. c4 e6 3. Nf3 Bb4+ 4. Bd2 a5 5. a3 Bxd2+ 6. Nbxd2 d6 7. e3 Nc6 8.
Be2 e5 9. Qc2 O-O 10. O-O Bg4 11. Rad1 Qe7 12. d5 Nb8 13. e4 a4 14. h3 Bc8 15.
Ne1 Ne8 16. f4 exf4 17. Rxf4 Qg5 18. Rf3 Nd7 19. Nd3 Nef6 20. Rdf1 Re8 21. Rf5
Qe3+ 22. R1f2 Rxe4 23. Nxe4 Nxe4 24. Rxf7 Ndf6 25. Rxc7 Bf5 26. Qd1 Re8 27. Bf3
Nxf2 28. Nxf2 Qb6 0-1

[Event "Xtracon Chess Open 2019"]
[Site "Helsingor DEN"]
[Date "2019.07.20"]
[Round "1.131"]
[White "Liabotro, Ola"]
[Black "Eiding, Amanda Mai Irgens"]
[Result "1-0"]
[WhiteElo "2081"]
[BlackElo "1633"]
[WhiteFideId "1512382"]
[BlackFideId "1549499"]
[EventDate "2019.07.20"]

1. e4 c5 2. Nf3 Nc6 3. d4 cxd4 4. Nxd4 g6 5. Nc3 Bg7 6. Be3 Nf6 7. Bc4 O-O 8.
Bb3 a6 9. f3 Qc7 10. Qd2 Rd8 11. O-O-O b5 12. Nxc6 Qxc6 13. Nd5 Re8 14. e5 Ne4
15. fxe4 Rb8 16. Bf4 e6 17. Nf6+ Bxf6 18. exf6 Qxe4 19. Bxb8 Bb7 20. Qh6 1-0

[Event "Xtracon Chess Open 2019"]
[Site "Helsingor DEN"]
[Date "2019.07.20"]
[Round "1.132"]
[White "Sundin, Sven-Ingvar"]
[Black "Skjoldager, Per"]
[Result "0-1"]
[WhiteElo "1632"]
[BlackElo "2081"]
[WhiteFideId "1724517"]
[BlackFideId "1408828"]
[EventDate "2019.07.20"]

1. e4 c6 2. d4 d5 3. e5 Bf5 4. h4 h5 5. Bd3 Bxd3 6. Qxd3 e6 7. Bg5 Qd7 8. Nf3 c5
9. c3 Nc6 10. O-O Nge7 11. Nbd2 Nf5 12. Rfd1 Be7 13. g3 f6 14. exf6 gxf6 15. Bf4
O-O-O 16. Nf1 Rde8 17. Ne3 Nd6 18. dxc5 Ne4 19. Nc2 Bxc5 20. Be3 Bxe3 21. Nxe3
f5 22. c4 d4 23. Nc2 e5 24. b4 Rhg8 25. Nd2 Nc3 26. b5 Nd8 27. Re1 f4 28. Kh2
Rg4 29. Rg1 Reg8 30. Rg2 Nf7 31. Ne4 Nxe4 32. Qxe4 fxg3+ 33. Rxg3 Rxe4 34. Rxg8+
Nd8 35. Nb4 Rxh4+ 0-1

[Event "Xtracon Chess Open 2019"]
[Site "Helsingor DEN"]
[Date "2019.07.20"]
[Round "1.133"]
[White "Skjoldager, Mikael"]
[Black "Borrmann, Laurenz"]
[Result "1/2-1/2"]
[WhiteElo "2076"]
[BlackElo "1623"]
[WhiteFideId "1434314"]
[BlackFideId "312187930"]
[EventDate "2019.07.20"]

1. e4 e5 2. Nf3 Nc6 3. Bb5 a6 4. Ba4 Nf6 5. O-O Be7 6. Re1 b5 7. Bb3 O-O 8. d3
d6 9. c3 Bb7 10. Nbd2 Nd7 11. Nf1 Na5 12. Bc2 f5 13. exf5 Rxf5 14. d4 Bxf3 15.
gxf3 Rf8 16. Qd3 g6 17. a4 c6 18. Bh6 Rf7 19. b4 Nc4 20. Bb3 d5 21. Re2 Bg5 22.
Bxg5 Qxg5+ 23. Ng3 Raf8 24. Bxc4 bxc4 25. Qe3 Qxe3 26. fxe3 Rxf3 27. Rf1 exd4
28. Rxf3 Rxf3 29. cxd4 Rf8 30. e4 Rb8 31. exd5 cxd5 32. Re7 Nf6 33. Re6 Kf7 34.
Rxa6 Rxb4 35. Ne2 g5 36. a5 Rb3 37. Ra7+ Ke6 38. a6 Ra3 39. Ra8 Kd7 40. a7 Ne8
41. Nc3 Nc7 42. Rh8 Rxa7 43. Rxh7+ Ke6 44. Rh6+ Kf5 45. Rd6 Ra3 46. Nxd5 Nxd5 1/2-1/2